000
00235nam a2200097Ia 4500
008
190216s9999||||xx |||||||||||||| ||und||
100
_a
Sreedaramenon A
245
2
_a
A Brief History Of The World
260
_b
Wb Saunders Co
942
_c
BK
999
_c
18625
_d
18625